Ranhojička. Zlatá klec /
Pokračování trilogie o dívce Kivě, která přežila zalindovské vězení i zkoušky utrpením. Opravdová svoboda na ni ale nečeká.
Uloženo v:
| Série: | Ranhojička,
část 2 |
|---|---|
| Hlavní autor: | |
| Další autoři: | |
| Médium: | E-kniha |
| Jazyk: | Czech |
| Vydáno: |
V Praze :
Fragment,
2022
|
| Vydání: | 1. vydání |
| Témata: | |
| Příbuzné jednotky: | Z cyklu::
Ranhojička |
| Tagy: |
Žádné tagy |
| LEADER | 02913nam a2200553 i 4500 | ||
|---|---|---|---|
| 001 | 311705 | ||
| 003 | CZ PrSKC | ||
| 005 | 20260601215710.0 | ||
| 007 | ta | ||
| 008 | 221104s2022 xr d 000 f cze | ||
| 015 | |a cnb003467516 | ||
| 020 | |a 9788025360545 |q (vázáno) : |c Kč 469,00 | ||
| 035 | |a (OCoLC)1369540520 | ||
| 040 | |a ABG001 |b cze |d ABA001 |e rda | ||
| 041 | 1 | |a cze |h eng | |
| 072 | 7 | |a 821.111-3 |x Anglická próza, anglicky psaná |2 Konspekt | |
| 072 | 7 | |a 821-93 |x Literatura pro děti a mládež (beletrie) |2 Konspekt | |
| 080 | |a 821.111(94)-31 |2 MRF | ||
| 080 | |a 821-93-053.67 |2 MRF | ||
| 080 | |a 821-93 |2 MRF | ||
| 080 | |a (0:82-312.9) |2 MRF | ||
| 100 | 1 | |a Noni, Lynette, |d 1985- |7 xx0268968 |4 aut | |
| 240 | 1 | 0 | |a Gilded cage. |l Česky |
| 245 | 1 | 0 | |a Ranhojička. |p Zlatá klec / |c Lynette Noniová ; z anglického originálu The gilded cage ... přeložila Pavla Kubešová |
| 246 | 3 | 0 | |a Zlatá klec |
| 250 | |a 1. vydání | ||
| 264 | 1 | |a V Praze : |b Fragment, |c 2022 | |
| 300 | |a 439 stran ; |c 21 cm | ||
| 336 | |a text |b txt |2 rdacontent | ||
| 337 | |a bez média |b n |2 rdamedia | ||
| 338 | |a svazek |b nc |2 rdacarrier | ||
| 520 | 2 | |a Pokračování trilogie o dívce Kivě, která přežila zalindovské vězení i zkoušky utrpením. Opravdová svoboda na ni ale nečeká. |b Kiva přežila. Přežila nejen vězení Zalindov, ale i smrtící zkoušky čtyř elementů. To jí však nestačí, chce se i pomstít. V hlavním městě záhy zjišťuje, že není jediná, kdo v posledních letech trpěl - bolest změnila také její sourozence. Brzy už Kiva nebude mít tajemství jen před svými nepřáteli, ale i před svou rodinou. S rostoucím ohrožením ze všech stran si uvědomuje, že její loajalita je nyní důležitější než kdy dřív. Vůči komu ale vlastně má být loajální? Nakladatelská anotace. | |
| 521 | 8 | |a Pro čtenáře od 15 let | |
| 655 | 7 | |a australské romány |7 fd131842 |2 czenas | |
| 655 | 7 | |a fantasy romány |7 fd184199 |2 czenas | |
| 655 | 7 | |a literatura young adult |7 fd1185572 |2 czenas | |
| 655 | 7 | |a publikace pro mládež |7 fd133157 |2 czenas | |
| 655 | 9 | |a Australian fiction |2 eczenas | |
| 655 | 9 | |a fantasy novels |2 eczenas | |
| 655 | 9 | |a young adult literature |2 eczenas | |
| 655 | 9 | |a juvenile literature |2 eczenas | |
| 700 | 1 | |a Kubešová, Pavla, |d 1969- |7 xx0039531 |4 trl | |
| 787 | 0 | 8 | |i Z cyklu: |t Ranhojička |g 2 |
| 900 | |a ABA001 |b 20 | ||
| 928 | 9 | |a Albatros Media - Fragment | |
| 044 | |a xr | ||
| 910 | |a RBIT002 | ||
| 998 | |d 362148 |a https://core.palmknihy.cz/api/books/362148/cover?si69b4 |b https://core.palmknihy.cz/api/books/362148/cover/400?si69b4 |c https://core.palmknihy.cz/api/books/362148/cover/50?si69b4 |e 2026-12-10 |g 440 |i 9788025360545 |j https://core.palmknihy.cz/api/books/362148/preview.epub |k https://core.palmknihy.cz/api/books/362148/preview.pdf |l |q 49 |r 1 |s https://www.palmknihy.cz/kniha/362148 |t ebook |y 2022 |z 0 |v Ranhojička |w 2 | ||
| 999 | |d 311703 | ||